000 00328nam a2200145Ia 4500
008 150201s2008 xx 000 0 und d
082 _a618.92
_bP08R
100 _aROUND,JONATHAN
245 _aPAEDIATRICS
250 _a1ST
260 _bWILEY BLACKWELL
_aUK
_c2008
300 _a1-185
650 _aPAEDIATRICS
942 _2ddc
_cBK
999 _c573
_d573